000
00325nam a22001457a 4500
003
SGT
020
_a
9789386042125
082
_a
320
_b
G16S
100
_a
SINGH, SHIVANI
245
_a
GOVERNANCE ISSUES AND CHALLENGES
260
_b
SAGE PUBLICATIONS
_c
2016
300
_a
250
650
_a
POLITICAL SCIENCE
942
_2
ddc
_c
BK
999
_c
28892
_d
28892